'M' Cartoon Characters by Picture Quiz Stats

 Plays Quiz Updated Sep 26, 2016

Score 0/20 Timer 06:00
10 Plays Today
Column Character % Correct
Column 5Mickey Mouse
97%
Column 3Mario
96.6%
Column 1Mike Wazowski
92.2%
Column 5Marge Simpson
91.7%
Column 3Mulan
90.6%
Column 2Mufasa
82.3%
Column 4Meg Griffin
80.2%
Column 1Marvin the Martian
79.3%
Column 2Maleficent
75.3%
Column 3Mighty Mouse
71.3%
Column Character % Correct
Column 4Marlin
70.9%
Column 4Mater
69.9%
Column 3Mermaid Man
58.5%
Column 5Meowth
53.8%
Column 1Marty
53.3%
Column 5Magneto
52.2%
Column 1Mojo Jojo
49.5%
Column 4Marmaduke
46.1%
Column 2Meeko
36.3%
Column 2Mirage
24.7%

You're not logged in!

Compare scores with friends on all Sporcle quizzes.
OR
Log In

Sporcle TV

Today on Sporcle TV


Watch our educational content, quiz creation guides, and fun videos on Sporcle TV.

Show Comments

Extras

Top Quizzes Today


Score Distribution

Your Account Isn't Verified!

In order to create a playlist on Sporcle, you need to verify the email address you used during registration. Go to your Sporcle Settings to finish the process.

Report this User

Report this user for behavior that violates our Community Guidelines.

Details: